000 00380nam a2200145Ia 4500
008 100122s9999 xx 000 0 und d
082 _b70299
_a181.4
100 _aRAINA THAPAN ANITA
245 _aSWAMI CHINMAYANANDA READER
260 _bPENGUIN BOOKS
_c2006
300 _a278
630 _aSWAMI CHINMAYANANDA READER
730 _aSWAMI CHINMAYANANDA READER
942 _cBOOK
999 _c382047
_d382044